000 00571cam a22002174a 4500
005 20250605164153.0
008 250528s ||||||||||||||||||||||||d
035 _a19476
020 _a9607113810
040 _aGR-AtMCL
_bgre
_dGR-AtMCL
_eAACR2
245 1 _aEXPLORING ENGLISH 1 (SET OF 2)
250 _a1
260 _bGrivas,
_c1999
300 _a59
505 0 _aINCLUDES: ACTIVITY BOOK (TEACHER'S) COURSEBOOK
520 _aINCLUDES: ACTIVITY BOOK (TEACHER'S) COURSEBOOK
700 1 _aN.C. Grivas
_95725
942 _cBK
999 _c4732
_d4732